Territories under the British Empire - Statistics

General Stats
  • This quiz has been taken 120 times
  • The average score is 6 of 22
Answers on the Grid
Answers color-coded by a green-red scale on the quiz's grid according to % correct below.
Australia
United States of America
India
New Zealand
Japan
Iran
Egypt
Morocco
Gibraltar
Hong Kong
Zanzibar
Dunkirk
Ireland
Canada
Syria
Iraq
Afghanistan
Thailand
Cyprus
Bermuda
Guangzhou
Okinawa
Jamaica
Nicobar Islands
Eritrea
Somaliland
Congo
Ghana
Heligoland
Liberia
Malta
Hawai'i
Philippines
Bismarck Archipelago
Brunei
Socotra
Reunion
Aden
Nejd
Vietnam
Iceland
Yukon
 
Answer Stats
Answer % Correct
Australia
97%
Canada
38%
India
38%
Gibraltar
34%
Hong Kong
34%
New Zealand
31%
Bermuda
28%
Egypt
25%
Ghana
25%
Ireland
25%
Jamaica
25%
Zanzibar
25%
Cyprus
22%
Malta
22%
Aden
19%
Iraq
19%
Somaliland
19%
Brunei
16%
Nicobar Islands
16%
Yukon
9%
Bismarck Archipelago
6%
Socotra
6%
No matching quizzes found
Score Distribution
Percent of People with Each Score
Percentile by Number Answered
Your Score History
You have not taken this quiz